| 000 | 00665nam a2200229Ia 4500 | ||
|---|---|---|---|
| 005 | 20260320201853.0 | ||
| 008 | 008 262003s9999 xx 000 0 eng d | ||
| 037 | _aEBOOK | ||
| 040 | _aCRL | ||
| 040 | _beng | ||
| 040 | _cCRL | ||
| 041 | _2eng | ||
| 041 | _aeng | ||
| 084 | _qCRL | ||
| 100 | _aSingh | ||
| 245 | 0 | _aImplementing and Administering Cisco Solutions 200-301 CCNA Exam Guide: Everything you need to pass the 200-301 CCNA v1.1 exam and advance your career as a network engineer | |
| 260 | _bIEEE | ||
| 856 | _uhttps://ieeexplore.ieee.org/servlet/opac?bknumber=11244352 | ||
| 942 | _cEBOOK | ||
| 999 |
_c1724009 _d1724009 |
||